Architetti e ingegneri italiani in Egitto dal diciannovesimo al ventunesimo secolo = Italian architects and engineers in Egypt from the nineteenth to twentyfirst century /

محفوظ في:

مؤلف مشترك: Aliksāndrīnā (Library)

مؤلفون آخرون: Godoli, Ezio, Giacomelli, Milva.

التنسيق: كتاب

اللغة: Italian
English

منشور في: Firenze : M & m, c2008.

الموضوعات:

الوسوم: إضافة وسم

لا توجد وسوم, كن أول من يضع وسما على هذه التسجيلة!

رقم الطلب: NA1581 .A73 2008

LEADER 01520namaa2200349 4500
001 25312
003 OSt
005 20250903123511.0
008 130303s2008 it a bc 000 0 ita d
010 |a 2008362502 
020 |a 9788888967974 
040 |c ARCE Library 
041 0 |a ita  |a eng 
043 |a f-ua--- 
050 4 |a NA1581 .A73 2008 
245 0 0 |a Architetti e ingegneri italiani in Egitto dal diciannovesimo al ventunesimo secolo =   |b Italian architects and engineers in Egypt from the nineteenth to twentyfirst century /   |c a cura di Ezio Godoli, Milva Giacomelli. 
246 3 1 |a Italian architects and engineers in Egypt from the nineteenth to twentyfirst century. 
264 1 |a Firenze :   |b M & m,   |c c2008. 
300 |a 235, [13] pages :   |b illustrations (some color) ;   |c 22 cm. 
500 |a Catalog of an exhibition held at the Biblioteca Alessandrina, Alessandria d'Egitto, Egypt, Oct. 24-Nov. 25, 2008. 
504 |a Includes bibliographical references ([241]-[245]). 
546 |a Text in Italian and English. 
650 0 |a Architecture, Italian  |z Egypt  |x History  |y 19th century  |v Exhibitions 
650 0 |a Architecture, Italian  |z Egypt  |x History  |y 20th century  |v Exhibitions. 
650 0 |a Architecture, Italian  |z Egypt  |x History  |y 21st century  |v Exhibitions. 
650 0 |a Architecture, Modern  |v Designs and plans  |v Exhibitions. 
700 1 |a Godoli, Ezio,   |9 30856 
700 1 |a Giacomelli, Milva.  |9 30730 
710 2 |a Aliksāndrīnā (Library) 
901 |a reviewed 
942 |c BK  |2 lcc 
999 |c 23743  |d 23743